000
00329nam a2200121 a 4500
005
20141022142009.0
008
120229s19uu xx 00 eng d
050
_a
CD
_b
W517 2009
100
_a
Wiersma, William
245
_a
Research methods in education :
_b
an introduction /
_c
William Wiersma.
260
_c
2009.
942
_c
AVM
999
_c
276661
_d
276661